000 00478nam a22001937a 4500
003 MPLRDC
005 20220104144052.0
008 210129b ||||| |||| 00| 0 eng d
020 _a983-9159-84-4
082 _a859.61 SJWR-4 v.3 c.2
100 _a不详
245 _a发明大王: 爱迪生
_c
250 _a初版
260 _a
_b东阳出版社
_c1999
300 _b
490 _a世界伟人传记
650 _a人物故事
942 _cBK
_o859.61 SJWR-4 v.3 c.2
999 _c46070
_d46060